UK Number One Hits Of The 2000's - Statistics

General Stats
  • This quiz has been taken 239 times
  • The average score is 145 of 278
Answer Stats
Answer % Correct
Beautiful Liar Beyonce ft Shakira
95%
Heaven DJ Sammy & Yanou ft DO
95%
Born To Make You Happy | Everytime | Oops!... I Did It Again | Toxic Britney Spears
94%
Bad Romance | Poker Face Lady Gaga
93%
Smack That Akon ft Eminem
92%
If I Were A Boy Beyonce
91%
Crazy In Love | Deja Vu Beyonce ft Jay-Z
91%
Just Lose It | Like Toy Soldiers | Lose Yourself | +3 others Eminem
91%
Viva La Vida Coldplay
89%
Hips Don't Lie Shakira ft Wyclef Jean
89%
Run This Town Jay-Z ft Kanye West & Rihanna
88%
I Kissed A Girl Katy Perry
88%
Boom Boom Pow | I Gotta Feeling | Meet Me Halfway | Where Is The Love? Black Eyed Peas
86%
SexyBack Justin Timberlake
86%
4 Minutes Madonna ft Justin Timberlake
86%
Umbrella Rihanna ft Jay-Z
86%
Take A Bow Rihanna
85%
Stronger Kanye West
83%
Can't Get You Out Of My Head | Slow | Spinning Around Kylie Minogue
82%
Eternity/The Road To Mandalay | Radio | Rock DJ Robbie Williams
82%
Just Dance Lady Gaga ft Colby O'Donis
80%
American Pie | Hung Up | Music | Sorry Madonna
80%
Lady Marmalade Christina Aguilera, Lil' Kim, Mya & P!nk
79%
Stickwitu The Pussycat Dolls
78%
It's Now Or Never | Jailhouse Rock | One Night/I Got Stung Elvis Presley
77%
Independent Women Pt 1 | Survivor Destiny's Child
76%
Against All Odds Mariah Carey ft Westlife
76%
A Moment Like This | Bleeding Love | Run Leona Lewis
75%
You're Beautiful James Blunt
74%
Sex On Fire Kings Of Leon
74%
Dilemma Nelly ft Kelly Rowland
74%
Beautiful Christina Aguilera
73%
Just Like A Pill | So What P!nk
73%
Take Me To The Clouds Above LMC vs U2
72%
Ignition R.Kelly
72%
Greatest Day | Patience | Shine Take That
72%
Nasty Girl The Notorious B.I.G ft Diddy, Nelly, Jagged Edge & Avery Storm
72%
Beautiful Day | Sometimes You Can't Make It On Your Own | Vertigo U2
72%
Over And Over Nelly ft Tim McGraw
71%
Fool Again | I Have A Dream/Seasons In The Sun | Mandy | +7 others Westlife
71%
My Place/Flap Your Wings Nelly
70%
It Wasn't Me Shaggy ft RikRok
70%
I Bet You Look Good On The Dancefloor | When The Sun Goes Down Arctic Monkeys
68%
Go Let It Out | Lyla | The Hindu Times | The Importance Of Being Idle Oasis
68%
Walk This Way Sugababes vs Girls Aloud
68%
Somethin' Stupid Robbie Williams & Nicole Kidman
67%
Bad Boys Alexandra Burke ft Flo Rida
66%
Burn Usher
66%
Yeah! Usher ft Lil Jon & Ludacris
66%
I'll Stand By You | Sound Of The Underground | The Promise Girls Aloud
65%
Grace Kelly Mika
64%
My Life Would Suck Without You Kelly Clarkson
63%
Give It To Me Timbaland ft Nelly Furtado & Justin Timberlake
63%
Maneater Nelly Furtado
62%
Ruby Kaiser Chiefs
61%
Eternal Flame | The Tide Is High (Get The Feeling) | Whole Again Atomic Kitten
59%
Can We Fix It? | Mambo No.5 Bob The Builder
59%
Sexy Chick David Guetta ft Akon
59%
Killing In The Name Rage Against The Machine
59%
Don't Stop Movin' | Have You Ever | Never Had A Dream Come True S Club 7
59%
Bring Me To Life Evanescence
58%
Sorry Seems To Be The Hardest Word Blue ft Elton John
57%
Crazy Gnarls Barkley
57%
It's Chico Time Chico
56%
Black Coffee | Pure Shores All Saints
55%
Dirrty Christina Aguilera ft Redman
55%
Welcome To The Black Parade My Chemical Romance
55%
I Don't Feel Like Dancin' Scissor Sisters
55%
About You Now | Freak Like Me | Hole In The Head | +2 others Sugababes
55%
Mysterious Girl Peter Andre
54%
(Is This The Way To) Amarillo Tony Christie ft Peter Kay
54%
Crashed The Wedding | Thunderbirds/3AM | Who's David? | You Said No Busted
53%
Smile | The Fear Lily Allen
53%
5 Colours In Her Hair | All About You/You've Got A Friend | Baby's Coming Back/Transylvania | +4 others McFly
53%
Lonely Akon
51%
Fight For This Love Cheryl Cole
51%
Axel F Crazy Frog
51%
Dance Wiv Me Dizzee Rascal ft Calvin Harris & Chrome
51%
Hero Enrique Iglesias
51%
If Tomorrow Never Comes | Life Is A Rollercoaster Ronan Keating
51%
The Long And Winding Road/Suspicious Minds Will Young & Gareth Gates
51%
Hallelujah Alexandra Burke
49%
When Love Takes Over David Guetta ft Kelly Rowland
49%
Bag It Up | It's Raining Men Geri Halliwell
49%
Bulletproof La Roux
49%
All The Things She Said t.A.T.u
49%
Anything Is Possible/Evergreen | Leave Right Now | Light My Fire Will Young
49%
Love Don't Cost A Thing Jennifer Lopez
48%
That's Not My Name The Ting Tings
48%
I'm Not Alone Calvin Harris
47%
Gotta Get Thru This | If You're Not The One | Never Gonna Leave Your Side Daniel Bedingfield
47%
Bonkers Dizzee Rascal ft Armand Van Helden
47%
Mercy Duffy
47%
Are You Ready For Love Elton John
47%
Beat Again | Everybody In Love JLS
47%
Beautiful Girls Sean Kingston
46%
Ghetto Gospel 2Pac ft Elton John
45%
Holiday Dizzee Rascal ft Chrome
45%
Dakota Stereophonics
45%
Anyone Of Us (Stupid Mistake) | Unchained Melody Gareth Gates
44%
Spirit In The Sky Gareth Gates ft The Kumars
44%
Do They Know It's Christmas? Band Aid 20
43%
Evacuate The Dancefloor Cascada
43%
7 Days | Fill Me In Craig David
43%
The Ketchup Song Las Ketchup
43%
Let's Dance Five
42%
These Words Natasha Bedingfield
42%
Closer | So Sick Ne-Yo
42%
If You Come Back | Too Close Blue
41%
Dare Gorillaz
41%
Holler/Let Love Lead The Way Spice Girls
41%
I'm Gonna Be (500 Miles) The Proclaimers ft Brian Potter & Andy Pipkin
41%
Groovejet (If This Ain't Love) Spiller ft Sophie-Ellis-Bextor
40%
Call On Me Eric Prydz
38%
My Sweet Lord George Harrison
38%
Wonderful Ja Rule ft R.Kelly & Ashanti
38%
Kiss Kiss Holly Valance
36%
Can't Fight The Moonlight Leann Rimes
36%
Dry Your Eyes The Streets
36%
The Way I Are Timbaland ft Keri Hilson
36%
Rollin Limp Bizkit
35%
Because I Got High Afroman
34%
Pure And Simple | The Way To Your Love Hear'Say
34%
Stomp Steps
34%
Break Your Heart Taio Cruz
34%
Never Be The Same Again Melanie C ft Lisa 'Left Eye' Lopes
33%
America Razorlight
33%
All Summer Long Kid Rock
32%
That's My Goal Shayne Ward
32%
Number 1 Tinchy Stryder ft N-Dubz
32%
I Turn To You Melanie C
31%
With Every Heartbeat Robyn with Kleerup
31%
Breathless The Corrs
31%
A Little Less Conversation Elvis Presley vs JXL
30%
Mad World Michael Andrews ft Gary Jules
30%
Colourblind Darius
29%
Breathe Blu Cantrell ft Sean Paul
28%
What Took You So Long? Emma Bunton
28%
Lady (Hear Me Tonight) Modjo
28%
21 Seconds So Solid Crew
28%
Now You're Gone Basshunter
27%
Cha Cha Slide DJ Casper
26%
The Masses Against The Classes Manic Street Preachers
26%
Boys And Girls | Mama Do (Uh Oh Uh Oh) Pixie Lott
26%
Don't Cha The Pussycat Dolls ft Busta Rhymes
26%
I Wish I Was A Punk Rocker (With Flowers In My Hair) Sandi Thom
25%
Lola's Theme The Shapeshifters
25%
Goodies Ciara ft Petey Pablo
24%
Fuck It (I Don't Want You Back) Eamon
24%
Rise Gabrielle
24%
Just A Little Liberty X
24%
Changes Ozzy Osbourne & Kelly Osbourne
24%
Same Old Brand New You | Take On Me A1
22%
Crossroads Blazin' Squad
22%
No Tomorrow Orson
22%
F.U.R.B (Fuck You Right Back) Frankee
21%
More Than A Woman Aaliyah
20%
Thunder In My Heart Again Meck ft Leo Sayer
20%
Never Leave You Tinchy Stryder ft Amelle
20%
JCB Nizlopi
19%
Hey Baby DJ Otzi
18%
Toca's Miracle Fragma
18%
Don't Call Me Baby Madison Avenue
18%
Baby Cakes 3 Of A Kind
17%
When You Believe Leon Jackson
17%
It Feels So Good Sonique
17%
I Don't Wanna Know Mario Winans ft Enya & P.Diddy
16%
All This Time Michelle McManus
16%
(Barry) Islands In The Stream Vanessa Jenkins & Bryn West ft Tom Jones & Robin Gibb
16%
Oopsy Daisy Chipmunk
14%
Against All Odds Steve Brookstein
14%
Day & Night Billie Piper
13%
Don't Give Up Chicane ft Bryan Adams
13%
Do You Really Like It? DJ Pied Piper & The Master Of Ceremonies
13%
Be Faithful Fatman Scoop ft The Crooklyn Clan
13%
Put Your Hand Up For Detroit Fedde Le Grand
13%
Bound 4 Da Reload (Casualty) Oxide & Neutrino
13%
Loneliness Tomcraft
13%
Hero | You Are Not Alone X Factor Finalists
13%
Another Chance Roger Sanchez
12%
Stop Living The Lie David Sneddon
11%
We Will Rock You Five & Queen
11%
Singin' In The Rain Mint Royale
11%
With A Little Help From My Friends Sam & Mark
11%
What A Wonderful World Katie Melua & Eva Cassidy
10%
You See The Trouble With Me Black Legend
9%
Right Round Flo Rida ft Kesha
9%
Make Luv Room 5 ft Oliver Cheatham
9%
Touch Me Rui da Silva ft Cassandra
8%
Real To Me Brian McFadden
6%
Angel Shaggy ft Rayvon
6%
The Offical BBC Children In Need Medley Peter Kay's Animated All Star Band
3%
No matching quizzes found
Score Distribution
Percent of People with Each Score
Percentile by Number Answered
Your Score History
You have not taken this quiz